<?xml version="1.0" encoding="UTF-8"?>
<record
    xmlns:xsi="http://www.w3.org/2001/XMLSchema-instance"
    xsi:schemaLocation="http://www.loc.gov/MARC21/slim http://www.loc.gov/standards/marcxml/schema/MARC21slim.xsd"
    xmlns="http://www.loc.gov/MARC21/slim">

  <leader>01924nam a22003017a 4500</leader>
  <controlfield tag="003">NALT</controlfield>
  <controlfield tag="005">20250117103924.0</controlfield>
  <controlfield tag="008">230509b        th ||||| |||| 00| 0 tha d</controlfield>
  <datafield tag="040" ind1=" " ind2=" ">
    <subfield code="a">NALT</subfield>
  </datafield>
  <datafield tag="050" ind1=" " ind2=" ">
    <subfield code="a">PL 4209.P37</subfield>
    <subfield code="b">&#xE1B;169&#xE1E; 2564</subfield>
  </datafield>
  <datafield tag="100" ind1="0" ind2=" ">
    <subfield code="a">&#xE1B;&#xE23;&#xE21;&#xE32;&#xE19;&#xE38;&#xE0A;&#xE34;&#xE15;&#xE0A;&#xE34;&#xE42;&#xE19;&#xE23;&#xE2A;,</subfield>
    <subfield code="c">&#xE2A;&#xE21;&#xE40;&#xE14;&#xE47;&#xE08;&#xE1E;&#xE23;&#xE30;&#xE21;&#xE2B;&#xE32;&#xE2A;&#xE21;&#xE13;&#xE40;&#xE08;&#xE49;&#xE32; &#xE01;&#xE23;&#xE21;&#xE1E;&#xE23;&#xE30;.</subfield>
    <subfield code="9">51806</subfield>
  </datafield>
  <datafield tag="245" ind1="1" ind2="0">
    <subfield code="a">&#xE1E;&#xE23;&#xE30;&#xE04;&#xE31;&#xE21;&#xE20;&#xE35;&#xE23;&#xE4C;&#xE08;&#xE31;&#xE01;&#xE23;&#xE17;&#xE35;&#xE1B;&#xE19;&#xE35; &#xE0E;&#xE35;&#xE01;&#xE32;&#xE42;&#xE2B;&#xE23;&#xE32;&#xE28;&#xE32;&#xE2A;&#xE15;&#xE23;&#xE4C; /</subfield>
    <subfield code="c">&#xE1E;&#xE23;&#xE30;&#xE19;&#xE34;&#xE1E;&#xE19;&#xE18;&#xE4C; &#xE2A;&#xE21;&#xE40;&#xE14;&#xE47;&#xE08;&#xE1E;&#xE23;&#xE30;&#xE21;&#xE2B;&#xE32;&#xE2A;&#xE21;&#xE13;&#xE40;&#xE08;&#xE49;&#xE32; &#xE01;&#xE23;&#xE21;&#xE1E;&#xE23;&#xE30;&#xE1B;&#xE23;&#xE21;&#xE32;&#xE19;&#xE38;&#xE0A;&#xE34;&#xE15;&#xE0A;&#xE34;&#xE42;&#xE19;&#xE23;&#xE2A; ; &#xE28;&#xE32;&#xE19;&#xE15;&#xE34; &#xE20;&#xE31;&#xE01;&#xE14;&#xE35;&#xE04;&#xE33;, &#xE15;&#xE23;&#xE27;&#xE08;&#xE2A;&#xE2D;&#xE1A;&#xE0A;&#xE33;&#xE23;&#xE30;&#xE08;&#xE32;&#xE01;&#xE40;&#xE2D;&#xE01;&#xE2A;&#xE32;&#xE23;&#xE15;&#xE31;&#xE27;&#xE40;&#xE02;&#xE35;&#xE22;&#xE19; ; &#xE1A;&#xE23;&#xE23;&#xE13;&#xE32;&#xE18;&#xE34;&#xE01;&#xE32;&#xE23;, &#xE40;&#xE2A;&#xE32;&#xE27;&#xE13;&#xE34;&#xE15; &#xE27;&#xE34;&#xE07;&#xE27;&#xE2D;&#xE19;.</subfield>
  </datafield>
  <datafield tag="260" ind1=" " ind2=" ">
    <subfield code="a">&#xE01;&#xE23;&#xE38;&#xE07;&#xE40;&#xE17;&#xE1E;&#xE2F; :</subfield>
    <subfield code="b">&#xE04;&#xE13;&#xE30;&#xE2A;&#xE07;&#xE06;&#xE4C;&#xE27;&#xE31;&#xE14;&#xE1E;&#xE23;&#xE30;&#xE40;&#xE0A;&#xE15;&#xE38;&#xE1E;&#xE19;,</subfield>
    <subfield code="c">2564.</subfield>
  </datafield>
  <datafield tag="300" ind1=" " ind2=" ">
    <subfield code="a">130 &#xE2B;&#xE19;&#xE49;&#xE32; : </subfield>
    <subfield code="b">&#xE20;&#xE32;&#xE1E;&#xE1B;&#xE23;&#xE30;&#xE01;&#xE2D;&#xE1A; ; </subfield>
    <subfield code="c">24 &#xE0B;&#xE21;.</subfield>
  </datafield>
  <datafield tag="600" ind1="0" ind2="4">
    <subfield code="9">60943</subfield>
    <subfield code="a">&#xE1B;&#xE23;&#xE21;&#xE32;&#xE19;&#xE38;&#xE0A;&#xE34;&#xE15;&#xE0A;&#xE34;&#xE42;&#xE19;&#xE23;&#xE2A;,  </subfield>
    <subfield code="c">&#xE2A;&#xE21;&#xE40;&#xE14;&#xE47;&#xE08;&#xE1E;&#xE23;&#xE30;&#xE21;&#xE2B;&#xE32;&#xE2A;&#xE21;&#xE13;&#xE40;&#xE08;&#xE49;&#xE32; &#xE01;&#xE23;&#xE21;&#xE1E;&#xE23;&#xE30; (&#xE1E;&#xE23;&#xE30;&#xE2D;&#xE07;&#xE04;&#xE4C;&#xE40;&#xE08;&#xE49;&#xE32;&#xE27;&#xE32;&#xE2A;&#xE38;&#xE01;&#xE23;&#xE35; &#xE2A;&#xE38;&#xE27;&#xE13;&#xE3A;&#xE13;&#xE23;&#xE07;&#xE3A;&#xE2A;&#xE35;),</subfield>
    <subfield code="y">2333-2396.</subfield>
  </datafield>
  <datafield tag="650" ind1=" " ind2="4">
    <subfield code="9">10155</subfield>
    <subfield code="a">&#xE01;&#xE27;&#xE35;&#xE19;&#xE34;&#xE1E;&#xE19;&#xE18;&#xE4C;&#xE44;&#xE17;&#xE22;</subfield>
  </datafield>
  <datafield tag="650" ind1=" " ind2="4">
    <subfield code="9">10184</subfield>
    <subfield code="a">&#xE27;&#xE23;&#xE23;&#xE13;&#xE01;&#xE23;&#xE23;&#xE21;&#xE44;&#xE17;&#xE22;</subfield>
  </datafield>
  <datafield tag="650" ind1=" " ind2="4">
    <subfield code="9">10154</subfield>
    <subfield code="a">&#xE42;&#xE04;&#xE25;&#xE07;</subfield>
  </datafield>
  <datafield tag="650" ind1=" " ind2="4">
    <subfield code="9">29603</subfield>
    <subfield code="a">&#xE42;&#xE2B;&#xE23;&#xE32;&#xE28;&#xE32;&#xE2A;&#xE15;&#xE23;&#xE4C;</subfield>
  </datafield>
  <datafield tag="700" ind1="0" ind2=" ">
    <subfield code="9">15503</subfield>
    <subfield code="a">&#xE28;&#xE32;&#xE19;&#xE15;&#xE34; &#xE20;&#xE31;&#xE01;&#xE14;&#xE35;&#xE04;&#xE33;</subfield>
  </datafield>
  <datafield tag="700" ind1="0" ind2=" ">
    <subfield code="9">19761</subfield>
    <subfield code="a">&#xE40;&#xE2A;&#xE32;&#xE27;&#xE13;&#xE34;&#xE15; &#xE27;&#xE34;&#xE07;&#xE27;&#xE2D;&#xE19;</subfield>
  </datafield>
  <datafield tag="850" ind1=" " ind2=" ">
    <subfield code="a">NALT</subfield>
  </datafield>
  <datafield tag="942" ind1=" " ind2=" ">
    <subfield code="c">GB</subfield>
    <subfield code="2">lcc</subfield>
  </datafield>
  <datafield tag="996" ind1=" " ind2=" ">
    <subfield code="a">chunbijaya.r</subfield>
    <subfield code="b">CATSTF	</subfield>
    <subfield code="c">2023-05-09</subfield>
  </datafield>
  <datafield tag="996" ind1=" " ind2=" ">
    <subfield code="a">areerat.v</subfield>
    <subfield code="b">CATSTF	</subfield>
    <subfield code="c">2023-05-25</subfield>
  </datafield>
  <datafield tag="999" ind1=" " ind2=" ">
    <subfield code="c">102055</subfield>
    <subfield code="d">102055</subfield>
  </datafield>
  <datafield tag="998" ind1=" " ind2=" ">
    <subfield code="j">1020</subfield>
    <subfield code="k"> &#xE19;&#xE32;&#xE07;&#xE08;&#xE33;&#xE40;&#xE23;&#xE35;&#xE22;&#xE07;  &#xE23;&#xE30;&#xE27;&#xE31;&#xE07;&#xE2A;&#xE33;&#xE42;&#xE23;&#xE07;</subfield>
  </datafield>
  <datafield tag="952" ind1=" " ind2=" ">
    <subfield code="0">0</subfield>
    <subfield code="1">0</subfield>
    <subfield code="2">lcc</subfield>
    <subfield code="4">0</subfield>
    <subfield code="7">0</subfield>
    <subfield code="8">CGBL</subfield>
    <subfield code="a">NALT</subfield>
    <subfield code="b">NALT</subfield>
    <subfield code="c">GEN</subfield>
    <subfield code="d">2023-05-09</subfield>
    <subfield code="o">PL 4209.P37 &#xE1B;169&#xE1E; 2564</subfield>
    <subfield code="p">3961223055</subfield>
    <subfield code="r">2023-06-07 00:00:00</subfield>
    <subfield code="w">2023-05-09</subfield>
    <subfield code="y">GB</subfield>
  </datafield>
</record>
